000 00302nam a2200121Ia 4500
008 150731s2014 xx 000 0 und d
082 _a616.5
_bA 14 A
100 _aOCSHA,VICHAR
245 _aAYURVEDAY TAVCHA ROG VIGYAN
260 _bCHAUKHAMBHA PUB. NEW DELHI
_c2014
300 _a141
942 _2ddc
_cBK
999 _c7727
_d7727